[Event "Ch France (team) (nat.1) 2008/09"]
[Site "France"]
[Date "2008.12.14"]
[Round "5"]
[White "Marchadour Claire (FRA)"]
[Black "Hagesaether Arne (NOR)"]
[Result "0-1"]
[WhiteElo "2078"]
[BlackElo "2181"]

1.e4 c6 2.d4 d5 3.Nc3 dxe4 4.Nxe4 Bf5 5.Ng3 Bg6 6.h4 h6 7.f4 e6 8.Nf3 Nf6 9.h5
Bh7 10.Bd3 Bxd3 11.Qxd3 Nbd7 12.Bd2 Bd6 13.O-O-O Qc7 14.Ne5 c5 15.Ne2 a6
16.Nxd7 Nxd7 17.f5 e5 18.dxe5 Nxe5 19.Qh3 O-O-O 20.f6+ Kb8 21.fxg7 Rh7 22.Qg3
Rg8 23.Bxh6 f6 24.Qe3 Qc6 25.Bf4 Rgxg7 26.g3 Ka8 27.Nc3 Re7 28.Nd5 Re6 29.h6
c4 30.Kb1 f5 31.Qb6 Qe8 32.Rhe1 Kb8 33.Nf6 Qe7 34.Nxh7 Bc7 35.Bxe5 Rxb6
36.Bxc7+ Qxc7 37.Nf8 Rxh6 38.Re8+ Ka7 {#R} 0-1

[Event "Memorial T.Petrosian (juniors)"]
[Site "Moscow (Russia)"]
[Round "1"]
[White "Piskun Alexey (RUS)"]
[Black "Kostoglotov Dmitry (RUS)"]
[Result "1-0"]
[WhiteElo "2127"]
[BlackElo "1859"]

1.e4 c6 2.d4 d5 3.Nd2 dxe4 4.Nxe4 Bf5 5.Ng3 Bg6 6.h4 h6 7.f4 e6 8.Nf3 Nf6 9.h5
Bh7 10.Bd3 Bxd3 11.Qxd3 Bd6 12.Bd2 Qc7 13.Ne5 c5 14.Ne4 Nxe4 15.Qxe4 cxd4
16.O-O-O Bxe5 17.fxe5 Nc6 18.Bf4 O-O-O 19.Kb1 Rd5 20.Rhe1 Kb8 21.Rd3 Rhd8
22.Rg3 d3 23.Rxd3 Rxd3 24.cxd3 Rd4 25.Qe3 Qa5 26.Rc1 Qd5 27.a3 Rxd3 28.Qe2 Rd4
29.Be3 Qxe5 30.Qf2 Rd7 {#r} 1-0

[Event "Extraliga 2008/09 (juniors)"]
[Site "Czech Republic"]
[Date "2009.01.06"]
[Round "0"]
[White "Rabatin Jakub (CZE)"]
[Black "Valencik Jozef"]
[Result "1-0"]
[WhiteElo "2113"]
[BlackElo "1573"]

1.e4 c6 2.d4 d5 3.Nc3 dxe4 4.Nxe4 Bf5 5.Ng3 Bg6 6.h4 h6 7.f4 e6 8.Nf3 Nd7 9.h5
Bh7 10.Bd3 Bxd3 11.Qxd3 Bd6 12.Bd2 Qc7 13.Ne5 Bxe5 14.fxe5 O-O-O 15.Qa3 Kb8
16.O-O-O Nb6 17.Bb4 Nc8 18.Rhf1 f5 19.Ne2 Nge7 20.Nf4 Qd7 21.c4 Rhe8 22.Rd2
Nb6 23.Qb3 Nec8 24.a4 {#r} 1-0

[Event "Memorial Tringov (open)"]
[Site "Plovdiv (Bulgaria)"]
[Date "2009.02.02"]
[Round "3"]
[White "Stoyanov Ivaylo (BUL)"]
[Black "Spassov Liuben (BUL)"]
[Result "1/2-1/2"]
[WhiteElo "2055"]
[BlackElo "2427"]

1.e4 c6 2.d4 d5 3.Nd2 dxe4 4.Nxe4 Bf5 5.Ng3 Bg6 6.h4 h6 7.f4 e6 8.Nf3 Nd7 9.h5
Bh7 10.Bd3 Bxd3 11.Qxd3 Qc7 12.Bd2 Ngf6 13.O-O-O Bd6 14.Ne5 c5 15.Nxd7 Qxd7
16.Ne4 Nxe4 17.Qxe4 Qc6 18.Qxc6+ bxc6 19.dxc5 Bxc5 20.Rh3 O-O-O 21.Be3 Bd6
{#d} 1/2-1/2

[Event "Memorial Tringov (open)"]
[Site "Plovdiv (Bulgaria)"]
[Date "2009.02.04"]
[Round "5"]
[White "Stoyanov Ivaylo (BUL)"]
[Black "Nikolaidis Konstantinos (GRE)"]
[Result "0-1"]
[WhiteElo "2055"]
[BlackElo "2270"]

1.e4 c6 2.d4 d5 3.Nd2 dxe4 4.Nxe4 Bf5 5.Ng3 Bg6 6.h4 h6 7.f4 e6 8.Nf3 Bd6 9.h5
Bh7 10.Bd3 Bxd3 11.Qxd3 Nf6 12.Bd2 Qc7 13.Ne5 c5 14.O-O-O cxd4 15.Qxd4 O-O
16.Ne4 Nxe4 17.Qxe4 Na6 18.Rh3 Rac8 19.Kb1 f5 20.Qa4 Nc5 21.Qb5 Ne4 22.Qb3
Bxe5 23.fxe5 Rfd8 24.Rd3 Rxd3 25.Qxd3 Nf2 26.Ba5 b6 {#R} 0-1

[Event "Ch France (team) (nat.1) 2008/09"]
[Site "France"]
[Date "2009.02.08"]
[Round "7"]
[White "Ninov Nikolai (BUL)"]
[Black "Sorbe Stephane (FRA)"]
[Result "1-0"]
[WhiteElo "2562"]
[BlackElo "2365"]

1.e4 c6 2.d4 d5 3.Nc3 dxe4 4.Nxe4 Bf5 5.Ng3 Bg6 6.h4 h6 7.f4 e6 8.Nf3 Nf6 9.h5
Bh7 10.Bd3 Bxd3 11.Qxd3 Bd6 12.Ne4 Nxe4 13.Qxe4 Nd7 14.Bd2 Nf6 15.Qe2 Qc7
16.Ne5 O-O-O 17.O-O-O c5 18.dxc5 Bxc5 19.Kb1 Rhe8 20.Bc1 Nd5 21.Rh3 f6 22.Ng6
Qa5 23.Rb3 Nc7 24.Rbd3 Qb5 25.c4 Qc6 26.a3 a5 27.b3 b6 28.g4 b5 29.g5 bxc4
30.Rxd8+ Rxd8 31.Rxd8+ Kxd8 32.gxh6 gxh6 33.bxc4 Qh1 34.f5 e5 35.Kc2 Ke8
36.Nxe5 fxe5 37.Qxe5+ Kd7 38.Qxc5 Qxh5 39.Qxa5 Kc8 40.Qe5 Qf3 41.Bf4 Qf2+
42.Kc3 Qf3+ 43.Qe3 Qa8 44.Kd4 Qa7+ 45.Ke5 Qa5+ 46.Kf6 Qa6+ 47.Kg7 Qxc4 48.Bxc7
Qg4+ 49.Kf6 Qh4+ 50.Ke6 Qc4+ 51.Ke7 Qxc7+ 52.Kf8 Qd6+ 53.Qe7 Qf4 54.f6 h5
55.Qe6+ Kd8 56.f7 h4 57.Kg7 Qg3+ 58.Qg6 Qc7 59.Qd3+ Kc8 60.Kg8 {#r} 1-0

[Event "Ch Czech Republic"]
[Site "Decin (Czech Republic)"]
[Date "2009.02.11"]
[Round "2"]
[White "Rausis Igors (CZE)"]
[Black "Velicka Petr (CZE)"]
[Result "1/2-1/2"]
[WhiteElo "2512"]
[BlackElo "2480"]

1.e4 c6 2.d4 d5 3.Nc3 dxe4 4.Nxe4 Bf5 5.Ng3 Bg6 6.h4 h6 7.f4 e6 8.Nf3 Nd7 9.h5
Bh7 10.Bd3 Bxd3 11.Qxd3 Ngf6 12.Bd2 c5 13.Ne5 cxd4 14.Ng6 Rg8 15.Nxf8 Nxf8
16.O-O Qd5 17.c4 dxc3 18.Qxc3 N8d7 19.Rac1 b6 20.Be3 g6 21.Rfd1 Qb7 22.Bd4 Nd5
23.Qf3 f5 24.Rc2 Kf7 25.hxg6+ Rxg6 26.Nxf5 exf5 27.Rc7 Qxc7 28.Qxd5+ Re6
29.Qxa8 Qc6 30.Qxc6 Rxc6 31.Bc3 Nf6 32.Kh2 a6 33.a4 Ng4+ 34.Kg3 Rg6 35.Kf3
Nh2+ 36.Kf2 Ng4+ 37.Kf3 Nh2+ 38.Kf2 Ng4+ 39.Kf3 Nh2+ {#d} 1/2-1/2

[Event "It (cat.4)"]
[Site "Nancy (France)"]
[Date "2009.02.17"]
[Round "3"]
[White "Ninov Nikolai (BUL)"]
[Black "Pucher Olivier (FRA)"]
[Result "1-0"]
[WhiteElo "2562"]
[BlackElo "2337"]

1.e4 c6 2.d4 d5 3.Nc3 dxe4 4.Nxe4 Bf5 5.Ng3 Bg6 6.h4 h6 7.f4 e6 8.Nf3 Nd7 9.h5
Bh7 10.Bd3 Bxd3 11.Qxd3 Qc7 12.Bd2 O-O-O 13.Qe2 Ngf6 14.O-O-O c5 15.Ne5 Nb6
16.dxc5 Bxc5 17.Kb1 Rhf8 18.c4 Na4 19.Bc1 Bd4 20.Nf3 Bc5 21.Qc2 Nb6 22.b3 Ng4
23.Ne4 Nd7 24.Nd4 a6 25.Nxc5 Qxc5 26.Qe2 Ndf6 27.Bb2 Rd7 28.a3 Rfd8 29.b4 Qc7
30.Rhf1 e5 31.Nf5 Rxd1+ 32.Rxd1 Rxd1+ 33.Qxd1 exf4 34.Qd4 Ne3 35.Nxg7 Nd7
36.Ne8 Qc6 37.Qxf4 Nxg2 38.Qxf7 Ne3 39.c5 Qe4+ 40.Ka2 Kd8 41.Qxd7+ {#r} 1-0

[Event "Ch Czech Republic (juniors) (under 14)"]
[Site "Kouty nad Desnou (Czech Republic)"]
[Date "2009.03.07"]
[Round "1"]
[White "Valencik Michal (CZE)"]
[Black "Volcik Ludek (CZE)"]
[Result "0-1"]
[WhiteElo "1676"]
[BlackElo "1957"]

1.e4 c6 2.d4 d5 3.Nc3 dxe4 4.Nxe4 Bf5 5.Ng3 Bg6 6.h4 h6 7.f4 e6 8.Nf3 Nd7
9.Ne5 Nxe5 10.fxe5 Ne7 11.h5 Bh7 12.c3 Nf5 13.Nxf5 Bxf5 14.Bd3 Qd5 15.Rg1 Bxd3
16.Qxd3 O-O-O 17.Bf4 Kb8 18.Qf3 Qc4 19.Qe2 Qa4 20.b3 Qa5 21.Bd2 c5 22.a3 cxd4
23.c4 Qc7 24.a4 d3 25.Qe4 Bc5 26.Be3 Bb4+ 27.Kd1 Bc3 28.Ra2 Bxe5 29.Rd2 f5
30.Qf3 Qa5 31.Bf2 Qc3 32.Ra2 Qxb3+ {#R} 0-1

[Event "Ch Czech Republic (juniors) (under 16)"]
[Site "Kouty nad Desnou (Czech Republic)"]
[Date "2009.03.10"]
[Round "5"]
[White "Rabatin Jakub (CZE)"]
[Black "Bures Jaroslav (CZE)"]
[Result "0-1"]
[WhiteElo "2175"]
[BlackElo "2259"]

1.e4 c6 2.d4 d5 3.Nc3 dxe4 4.Nxe4 Bf5 5.Ng3 Bg6 6.h4 h6 7.f4 e6 8.Nf3 Nd7 9.h5
Bh7 10.Bd3 Bxd3 11.Qxd3 Qb6 12.O-O Ngf6 13.Ne5 c5 14.c3 cxd4 15.cxd4 Rd8
16.Be3 Nd5 17.Rad1 Be7 18.Ne4 O-O 19.Nc3 N7f6 20.Rd2 Nxh5 21.g4 Nxe3 22.Qxe3
Nf6 23.g5 Nd5 24.Qg3 h5 25.g6 fxg6 26.Nxg6 Rf7 27.Kh2 Nf6 28.Ne5 Ng4+ 29.Nxg4
hxg4 30.Qxg4 Rf6 31.Ne2 e5 32.f5 exd4 33.Rxd4 Qxb2 34.Rxd8+ Bxd8 35.Qc4+ Kh7
36.Rf3 Qe5+ 37.Ng3 Bb6 38.Kg2 Rc6 39.Qd3 Kh8 40.Ne2 Rd6 41.Rh3+ Kg8 42.Qc4+
Qd5+ 43.Qxd5+ Rxd5 44.a4 Rxf5 45.Nc3 Rf4 46.Rd3 Ba5 47.Nb5 a6 48.Nd6 b6 49.Ne8
Rxa4 50.Rg3 Be1 51.Rg6 Rb4 52.Nxg7 Kf7 {#R} 0-1

[Event "Ch Schleswig Holstein"]
[Site "Altenholz (Germany)"]
[Date "2009.04.06"]
[Round "3"]
[White "Homuth Manfred (GER)"]
[Black "Petri Alexander (GER)"]
[Result "1/2-1/2"]
[WhiteElo "2143"]
[BlackElo "2145"]

1.e4 c6 2.d4 d5 3.Nc3 dxe4 4.Nxe4 Bf5 5.Ng3 Bg6 6.h4 h6 7.f4 e6 8.Nf3 Nd7 9.h5
Bh7 10.Bd3 Bxd3 11.Qxd3 Ngf6 12.Bd2 c5 13.O-O-O Qc7 14.Qe2 Bd6 15.Rh4 O-O-O
16.c4 cxd4 17.Nxd4 Nb6 18.Kb1 Qe7 19.Rhh1 Bb4 20.Be3 Bc5 21.b3 Kb8 22.Nf3
Rxd1+ 23.Rxd1 Bxe3 24.Qxe3 Rd8 25.Qe5+ Kc8 26.Rd4 Rxd4 27.Nxd4 Nbd7 28.Qa5 Qc5
29.Qxc5+ Nxc5 30.Kc2 Kd7 31.b4 {#d} 1/2-1/2

[Event "It \"]
[Site "Frydek-Mistek (Czech Republic)"]
[Date "2009.04.12"]
[Round "8"]
[White "Szczepkowska Karina (POL)"]
[Black "Klecker Tadeas (CZE)"]
[Result "1-0"]
[WhiteElo "2327"]
[BlackElo "2159"]

1.e4 c6 2.d4 d5 3.Nd2 dxe4 4.Nxe4 Bf5 5.Ng3 Bg6 6.h4 h6 7.f4 e6 8.Nf3 Nd7 9.h5
Bh7 10.Bd3 Bxd3 11.Qxd3 Ngf6 12.Bd2 Bd6 13.O-O-O Qc7 14.Ne5 Rf8 15.Qe2 O-O-O
16.Rhe1 c5 17.dxc5 Bxc5 18.Kb1 Kb8 19.c4 Qb6 20.Nd3 Rc8 21.Bc3 Rfd8 22.Rf1 Nf8
23.Nxc5 Rxd1+ 24.Rxd1 Qxc5 25.Qe5+ Qc7 26.Qxc7+ Kxc7 27.Be5+ Kc6 28.b4 b6
29.b5+ Kb7 30.Bxf6 gxf6 31.Ne4 Rc7 32.Rd8 Rxc4 33.Nd6+ Kc7 34.Rc8+ Kxd6
35.Rxc4 Kd7 36.Ra4 Kd6 37.Rxa7 Nd7 38.Kc2 e5 39.f5 e4 40.Rb7 e3 41.Kd1 Nc5
42.Rxb6+ Kd5 43.Rxf6 Ne4 44.Rxf7 Nc3+ 45.Ke1 Nxb5 46.Re7 Nc3 47.Rxe3 Nxa2
48.f6 {#r} 1-0

[Event "It (open)"]
[Site "St. Veit (Austria)"]
[Date "2009.07.14"]
[Round "4"]
[White "Smole Albert (AUT)"]
[Black "Wild Katharina (GER)"]
[Result "1/2-1/2"]
[WhiteElo "2102"]
[BlackElo "1885"]

1.e4 c6 2.d4 d5 3.Nd2 dxe4 4.Nxe4 Bf5 5.Ng3 Bg6 6.h4 h6 7.f4 e6 8.Nf3 Be7 9.h5
Bh7 10.Bd3 Bxd3 11.Qxd3 Nf6 12.Bd2 Nbd7 13.O-O-O Qc7 14.Ne5 Rf8 15.Ne4 O-O-O
16.Kb1 c5 17.Nxd7 Rxd7 18.c3 c4 19.Qe2 Nxe4 20.Qxe4 Rd5 21.g4 Qa5 22.f5 Qa4
23.Bc1 Ra5 24.a3 Qb3 25.fxe6 f6 26.d5 Bxa3 27.e7 Bxe7 28.Qxe7 Qa2+ 29.Kc2 Qb3+
30.Kb1 Qa2+ {#d} 1/2-1/2

[Event "It (open)"]
[Site "Pardubice (Czech Republic)"]
[Date "2009.07.24"]
[Round "1"]
[White "Krejci Jan (CZE)"]
[Black "Bures Jaroslav (CZE)"]
[Result "0-1"]
[WhiteElo "1719"]
[BlackElo "2259"]

1.e4 c6 2.d4 d5 3.Nc3 dxe4 4.Nxe4 Bf5 5.Ng3 Bg6 6.h4 h6 7.f4 e6 8.h5 Bh7 9.Nf3
Nf6 10.Bd3 Bxd3 11.Qxd3 Bd6 12.Bd2 Qc7 13.Ne5 c5 14.O-O-O Nc6 15.Nxc6 bxc6
16.Ne4 Bxf4 17.Nxc5 O-O 18.Qf3 Bxd2+ 19.Rxd2 Rad8 20.c3 Rd5 21.Na6 Qa5 22.Nb4
Rd6 23.Re2 c5 24.Re5 Nd7 25.Rhe1 Nxe5 26.Rxe5 Qc7 27.Rxc5 Qd7 28.g4 Rc8 29.g5
hxg5 30.Rxg5 Qe7 31.Qg3 Qf6 32.Rxg7+ Qxg7 33.Qxd6 Qg5+ 34.Kb1 Qxh5 35.a3 a5
36.Nd3 Qd1+ 37.Nc1 a4 38.Qg3+ Kf8 39.Qh4 Ke8 40.Qg5 Qf1 41.Ka2 Kd7 42.Qe3 Rh8
43.Nd3 Ke8 44.Qg3 Rh1 45.Qb8+ Ke7 46.Qc7+ Kf8 47.Qb8+ Kg7 48.Qe5+ Kg8 {#R} 0-1

[Event "It (open)"]
[Site "Pardubice (Czech Republic)"]
[Date "2009.08.01"]
[Round "9"]
[White "Jasny Stanislav (CZE)"]
[Black "Bures Jaroslav (CZE)"]
[Result "0-1"]
[WhiteElo "1858"]
[BlackElo "2259"]

1.e4 c6 2.d4 d5 3.Nc3 dxe4 4.Nxe4 Bf5 5.Ng3 Bg6 6.h4 h6 7.f4 e6 8.Nf3 Nf6 9.h5
Bh7 10.Bd3 Bxd3 11.Qxd3 Bd6 12.Bd2 Qc7 13.Ne5 c5 14.O-O-O cxd4 15.Ne4 Bxe5
16.fxe5 Qxe5 17.Nxf6+ gxf6 18.Rhe1 Qd5 19.c4 Qd7 20.Qf5 Qe7 21.Bb4 Qxb4
22.Rxe6+ fxe6 23.Qg6+ Kd7 24.Qg7+ Kc6 25.Qxh8 Kb6 26.Qd8+ Ka6 27.Kb1 Qa5
28.Qf8 Qf5+ 29.Ka1 Qc2 30.Rb1 Qxc4 31.b4 b5 32.a4 Kb7 33.Qe7+ Qc7 34.Qxe6 Qc3+
35.Rb2 Na6 36.axb5 Nc7 37.Qe4+ Kb6 38.Kb1 Re8 {#R} 0-1

[Event "It (open)"]
[Site "Brezova pod Bradlom (Slovakia)"]
[Date "2009.08.29"]
[Round "8"]
[White "Talla Vladimir (CZE)"]
[Black "Pacher Milan (SVK)"]
[Result "1/2-1/2"]
[WhiteElo "2483"]
[BlackElo "2358"]

1.e4 c6 2.d4 d5 3.Nc3 dxe4 4.Nxe4 Bf5 5.Ng3 Bg6 6.h4 h6 7.f4 e6 8.Nf3 Nd7 9.h5
Bh7 10.Bd3 Bxd3 11.Qxd3 Ngf6 12.Bd2 Bd6 13.Ne5 O-O 14.O-O-O c5 15.Nxd7 Qxd7
16.Ne4 Nxe4 17.Qxe4 Qa4 18.Kb1 cxd4 19.Bc3 Bc5 20.b3 {#d} 1/2-1/2

[Event "Memorial Kesarovski - Georgiev (open)"]
[Site "Sunny Beach (Bulgaria)"]
[Date "2009.09.09"]
[Round "3"]
[White "Sofranov Velizar (BUL)"]
[Black "Penev Valeri (BUL)"]
[Result "1-0"]
[WhiteElo "1983"]
[BlackElo "1847"]

1.e4 c6 2.d4 d5 3.Nc3 dxe4 4.Nxe4 Bf5 5.Ng3 Bg6 6.h4 h6 7.f4 e6 8.h5 Bh7 9.Nf3
Nd7 10.Bd3 Bxd3 11.Qxd3 Qb6 12.Bd2 Qxb2 13.O-O Qb6 14.f5 e5 15.Rab1 Qc7
16.dxe5 O-O-O 17.Qb3 Qb6+ 18.Be3 Qxb3 19.axb3 Bc5 20.Bxc5 Nxc5 21.b4 Nd7
22.Ne4 Kc7 23.Nd6 Rf8 24.Rbd1 f6 25.Nd4 Ne7 26.Ne6+ Kb6 27.Nxf8 Rxf8 28.Nc4+
Kc7 29.e6 Nb8 30.Ne3 b6 31.Rd3 Rd8 32.Rxd8 Kxd8 33.Rd1+ Kc7 34.Rd4 a5 35.bxa5
bxa5 36.Rg4 Kd6 37.Rxg7 c5 38.Nc4+ Kd5 39.Rxe7 Kxc4 40.Ra7 Nc6 41.e7 Nxa7
42.e8=Q Nb5 43.Qe4+ Nd4 44.Qd3+ {#r} 1-0

[Event "Ch Provincial (1/2 final)"]
[Site "San Nicolas de Bari (Cuba)"]
[Date "2009.09.16"]
[Round "5"]
[White "Cabrera Quintana Eduardo (CUB)"]
[Black "Garcia Benitez Omar (CUB)"]
[Result "0-1"]
[WhiteElo "2086"]
[BlackElo "1836"]

1.e4 c6 2.d4 d5 3.Nc3 dxe4 4.Nxe4 Bf5 5.Ng3 Bg6 6.h4 h6 7.f4 e6 8.Nf3 Nd7 9.h5
Bh7 10.Bd3 Bxd3 11.Qxd3 Ngf6 12.Bd2 Qc7 13.Ne5 Nxe5 14.fxe5 Nd5 15.O-O Be7
16.c4 Nb6 17.Rxf7 Kxf7 18.Qg6+ Kg8 19.Qxe6+ Kh7 20.Bxh6 Rhg8 21.Rf1 Raf8
22.Nf5 Bf6 23.exf6 Rxf6 24.Qe4 Kh8 25.Bg5 Rf7 26.Bf4 Qd7 27.Be5 Nxc4 28.Bxg7+
Rfxg7 29.Nxg7 Qxg7 30.Rf2 Qg4 31.Rf4 Qg3 32.h6 Qe3+ 33.Qxe3 Nxe3 34.Kf2 Ng4+
35.Kf3 Nxh6 36.Rh4 Kg7 37.Re4 Rf8+ 38.Ke3 Rf1 39.Re7+ Rf7 40.Re4 Nf5+ 41.Kd3
Rd7 42.Kc3 Kf6 43.a4 Re7 44.Rf4 Re3+ 45.Kc4 Rg3 46.b4 Rxg2 47.b5 Ke6 48.a5
Nd6+ 49.Kc5 Rc2+ 50.Kb4 Rc4+ 51.Kb3 cxb5 52.Rh4 a6 53.Ka3 Kd5 {#R} 0-1

[Event "Ch Serbia (team) (2 league)"]
[Site "Sombor (Serbia)"]
[Date "2009.09.28"]
[Round "2"]
[White "Donevski Darko (SRB)"]
[Black "Jovic Stevan (SRB)"]
[Result "0-1"]
[WhiteElo "2140"]
[BlackElo "2277"]

1.e4 c6 2.d4 d5 3.Nd2 dxe4 4.Nxe4 Bf5 5.Ng3 Bg6 6.h4 h6 7.f4 e6 8.h5 Bh7 9.Nf3
Nf6 10.Bd3 Bxd3 11.Qxd3 c5 12.Ne4 Nc6 13.Nxc5 Bxc5 14.dxc5 Qa5+ 15.Bd2 Qxc5
16.O-O-O Nd5 17.Qe2 O-O-O 18.Rhf1 Rd7 19.g4 Rc7 20.Kb1 Ncb4 21.c3 Nc6 22.c4
Nb6 23.b3 Re8 24.Bc3 f6 25.Kb2 Rce7 26.Nh4 Rd7 27.Rxd7 Nxd7 28.Qe4 Qe7 29.Ng6
Qd6 30.Kc2 Qa3 31.Kb1 Nc5 32.Qc2 Rd8 33.Rd1 Rxd1+ 34.Qxd1 Ne4 35.Bb2 Qa5
36.Qe2 f5 37.Bxg7 e5 38.Qd3 Qe1+ 39.Kb2 Qf2+ 40.Ka3 Qc5+ 41.Kb2 Nb4 42.Qe2
Qd4+ 43.Ka3 Qc3 44.Bf8 Nc2+ 45.Ka4 Qb2 {#R} 0-1

[Event "Tournament (open)"]
[Site "Sofia (Bulgaria)"]
[Date "2009.10.16"]
[Round "3"]
[White "Stoinov Jordan (BUL)"]
[Black "Ivanov Borislav (BUL)"]
[Result "1-0"]
[WhiteElo "2258"]
[BlackElo "2114"]

1.e4 c6 2.d4 d5 3.Nd2 dxe4 4.Nxe4 Bf5 5.Ng3 Bg6 6.h4 h6 7.f4 e6 8.h5 Bh7 9.Nf3
Nd7 10.Bd3 Bxd3 11.Qxd3 Qc7 12.Bd2 O-O-O 13.Qe2 Ngf6 14.O-O-O c5 15.Ne5 Nb6
16.dxc5 Bxc5 17.Ba5 Nfd5 18.Bd2 Nf6 19.Rhf1 Nbd5 20.Kb1 Nb4 21.c4 Nc6 22.Bc3
Nd4 23.Qe1 Nc6 24.Nxc6 Qxc6 25.Qe2 Rxd1+ 26.Rxd1 Rd8 27.Rxd8+ Kxd8 28.Nf1 Qd7
29.g4 Nxg4 30.Bxg7 Bd4 31.Bf8 Ke8 32.Bb4 Nf6 33.Ng3 Qc7 34.Bd2 Qb6 35.Bc1 Bf2
36.Nf5 Ng8 37.Qe5 Qc6 38.Ng7+ Ke7 39.b3 f6 40.Qe2 Bd4 41.f5 e5 42.Ne6 Bb6
43.Qg4 Qe8 44.Qg2 Qc8 {#r} 1-0

[Event "Ch Slovenia (team) (1 liga) East"]
[Site "Sentjur (Slovenia)"]
[Date "2009.10.25"]
[Round "5"]
[White "Gazvoda Franc (SLO)"]
[Black "Radosavljevic Robi"]
[Result "1-0"]
[WhiteElo "2030"]
[BlackElo "2129"]

1.e4 c6 2.d4 d5 3.Nc3 dxe4 4.Nxe4 Bf5 5.Ng3 Bg6 6.h4 h6 7.f4 e6 8.Nf3 Nd7
9.Bd3 Bxd3 10.Qxd3 Ngf6 11.Bd2 Qc7 12.O-O-O c5 13.Rhe1 O-O-O 14.Qe2 Bd6 15.Ne5
Nb6 16.dxc5 Bxc5 17.Ne4 Nxe4 18.Qxe4 Rd4 19.Qf3 Rhd8 20.Nd3 Be7 21.Bc3 R4d5
22.Bxg7 Qc4 23.b3 Qa6 24.Kb1 f6 25.Rxe6 Qa3 26.Bxf6 Bxf6 27.Rxf6 Na4 28.bxa4
Qxa4 29.Nb2 Rxd1+ 30.Nxd1 Qb4+ 31.Kc1 Qd2+ 32.Kb2 Kb8 33.Rf7 Qd4+ 34.Qc3 Qb6+
35.Kc1 Rxd1+ 36.Kxd1 Qg1+ 37.Kd2 Qxg2+ 38.Kc1 Qg1+ 39.Kb2 Qb6+ 40.Qb3 Qd4+
41.c3 Qd2+ 42.Qc2 Qd6 43.Qg2 {#r} 1-0

[Event "Ch World (juniors) (under 12)"]
[Site "Kemer (Turkey)"]
[Date "2009.11.14"]
[Round "3"]
[White "Pavelek Tomas (CZE)"]
[Black "Zenzera Alexey (RUS)"]
[Result "1-0"]
[WhiteElo "1945"]
[BlackElo "2099"]

1.e4 c6 2.d4 d5 3.Nc3 dxe4 4.Nxe4 Bf5 5.Ng3 Bg6 6.h4 h6 7.f4 e6 8.Nf3 Nd7 9.h5
Bh7 10.Bd3 Bxd3 11.Qxd3 Ngf6 12.Bd2 Qc7 13.O-O-O O-O-O 14.Qe2 c5 15.Ne5 Nb6
16.Be3 Nbd5 17.Kb1 Nxe3 18.Qxe3 cxd4 19.Qf3 Bc5 20.Ne4 Nxe4 21.Qxe4 Rhe8
22.Rh3 Kb8 23.Rb3 Bb6 24.Rg3 Rg8 25.a3 a6 26.Rb3 Ka7 27.g4 Rge8 28.Rb4 Rd5
29.c4 dxc3 30.Rc1 Rc5 31.Nc4 Rb5 32.Rxc3 Rxb4 33.axb4 Qd8 34.Rd3 Qc7 35.Ne5
Rd8 36.Rxd8 Qxd8 37.Nxf7 Qd1+ 38.Ka2 Qa4+ 39.Kb1 Qd1+ 40.Ka2 Bd4 41.Qxe6 Qa4+
42.Kb1 Qxb4 43.Qe2 Bb6 44.f5 Qf4 45.Ne5 Bd4 46.Nd3 Qg3 47.Qe4 Qg1+ 48.Ka2 Bf6
49.Qe2 Qd4 50.Qc2 Qd5+ 51.Ka1 Qh1+ 52.Ka2 Qd5+ 53.Kb1 Bd4 54.Qe2 Qc4 55.Qe4
Qa4 56.Qf3 Bb6 57.Nf2 Qd4 58.Ne4 Bc7 59.g5 hxg5 60.Qf2 Qxf2 61.Nxf2 Be5 62.Ng4
Bd4 63.Kc2 Kb6 64.b3 Kc5 65.Kd3 Kd5 66.f6 gxf6 67.h6 Ba1 68.Ne3+ Ke6 69.Nf5
Kxf5 70.h7 Kg4 71.h8=Q {#r} 1-0

[Event "Bayern Regionalliga Southeast 2009/10"]
[Site "Bayern (Germany)"]
[Date "2009.11.15"]
[Round "2"]
[White "Olbrich Joachim (GER)"]
[Black "Thome Volker Dr"]
[Result "0-1"]
[WhiteElo "2150"]
[BlackElo "1968"]

1.e4 c6 2.d4 d5 3.Nd2 dxe4 4.Nxe4 Bf5 5.Ng3 Bg6 6.h4 h6 7.f4 e6 8.h5 Bh7 9.Nf3
Nd7 10.Bd3 Bxd3 11.Qxd3 Qa5+ 12.Bd2 Bb4 13.c3 Be7 14.f5 Qc7 15.Rh3 O-O-O
16.fxe6 fxe6 17.Qe2 Ngf6 18.O-O-O Bd6 19.Ne4 Nxe4 20.Qxe4 Rhe8 21.Re1 Nf6
22.Qg6 Kb8 23.Ne5 Bxe5 24.Rxe5 Nd5 25.Rg3 c5 26.Qxg7 Re7 27.Qxh6 cxd4 28.Qg5
dxc3 29.Bxc3 Nb4 30.Re1 Red7 31.Rf1 Qc4 32.Qe5+ Ka8 33.Re1 Nxa2+ 34.Kb1 Qa4
35.Qe2 Rd1+ 36.Rxd1 Rxd1+ 37.Qxd1 Nxc3+ 38.Rxc3 Qxd1+ 39.Rc1 Qd3+ 40.Ka1 b5
41.h6 b4 42.b3 Qxb3 43.g4 {#R} 0-1

[Event "It (open)"]
[Site "Plzen (Czech Republic)"]
[Date "2009.12.08"]
[Round "5"]
[White "Gunajew Rafal (POL)"]
[Black "Janocko Petr (CZE)"]
[Result "1-0"]
[WhiteElo "2280"]
[BlackElo "2078"]

1.e4 c6 2.d4 d5 3.Nc3 dxe4 4.Nxe4 Bf5 5.Ng3 Bg6 6.h4 h6 7.f4 e6 8.Nf3 Nd7 9.h5
Bh7 10.Bd3 Bxd3 11.Qxd3 Qc7 12.Bd2 O-O-O 13.Qe2 Ndf6 14.O-O-O Ne7 15.Kb1 Ned5
16.Ne5 c5 17.c4 Nb6 18.dxc5 Bxc5 19.Ba5 Qe7 20.Nd3 Rd7 21.Rc1 Kb8 22.Ne5 Rd4
23.Rhf1 Rhd8 24.Bc3 Na4 25.Bxd4 Bxd4 26.Nf5 Qb4 27.Nxd4 Rxd4 28.a3 Qb3 29.Rf3
Qb6 30.Qc2 Nc5 31.Rd1 Qd8 32.Rxd4 Qxd4 33.Ka2 Nfe4 34.Rf1 f6 35.Rd1 Qe3
36.Nd7+ Kc7 37.Nxc5 Nxc5 38.Qd2 Qb3+ 39.Kb1 b6 40.Rc1 f5 41.Qc3 Qxc3 42.Rxc3
Kd6 43.b4 Ne4 44.Rd3+ Ke7 45.Kc2 Nf6 46.c5 bxc5 47.bxc5 Nd5 48.g3 Kd7 49.Kb3
Kc7 50.Kc4 Nf6 51.Rd6 Nxh5 52.Rxe6 Nxg3 53.Re7+ Kc6 54.Rxg7 Ne2 55.Rxa7 h5
56.Rf7 h4 57.Rf6+ Kc7 58.Rxf5 {#r} 1-0

[Event "It (open)"]
[Site "Prague (Czech Republic)"]
[Date "2010.01.15"]
[Round "9"]
[White "Verkasalo Tommi (FIN)"]
[Black "Wiese Frank (GER)"]
[Result "1-0"]
[WhiteElo "2127"]
[BlackElo "1953"]

1.e4 c6 2.d4 d5 3.Nc3 dxe4 4.Nxe4 Bf5 5.Ng3 Bg6 6.h4 h6 7.f4 e6 8.Nf3 Bd6 9.h5
Bh7 10.Bd3 Bxd3 11.Qxd3 Ne7 12.Ne4 Na6 13.Bd2 Nb4 14.Qb3 a5 15.a3 Nbd5 16.Ne5
b5 17.a4 b4 18.O-O-O Qc7 19.g4 c5 20.dxc5 Bxc5 21.Qc4 Bd6 22.Qb5+ Kf8 23.Nxd6
Qxd6 24.Be3 Kg8 25.Bc5 Qc7 26.Bxe7 Qxe7 27.f5 Nc7 28.Qc6 exf5 29.Rhe1 Kh7
30.Nxf7 Qxf7 31.Rd7 Qf8 32.Ree7 Rg8 33.Qg6+ Kh8 34.Qxh6+ {#r} 1-0

[Event "It (open)"]
[Site "Gora Sw. Anny (Poland)"]
[Date "2010.02.10"]
[Round "4"]
[White "Bednarski Dawid (POL)"]
[Black "Chojnacki Slawomir (POL)"]
[Result "0-1"]
[WhiteElo "1926"]
[BlackElo "2268"]

1.e4 c6 2.d4 d5 3.Nc3 dxe4 4.Nxe4 Bf5 5.Ng3 Bg6 6.h4 h6 7.f4 e6 8.Nf3 Nd7
9.Ne5 Nxe5 10.fxe5 Ne7 11.c3 Nf5 12.Nxf5 Bxf5 13.Bd3 Be7 14.g3 Qd5 15.O-O g6
16.Bxf5 gxf5 17.Qf3 O-O-O 18.Qxd5 Rxd5 19.Be3 h5 20.c4 Rd7 21.Rad1 Rg8 22.Kh2
Rgd8 23.Rf2 b6 24.b3 Bb4 25.Rd3 Be7 26.Rd1 Kb7 27.Rfd2 f6 28.Kg2 Bb4 29.Re2
fxe5 30.Bg5 Re8 31.Rxe5 Bc3 32.Be3 c5 33.Bf2 Bxd4 34.Bxd4 Rxd4 35.Rde1 Rd2+
36.Kf3 Rd3+ 37.Kf4 Rg8 38.Rxe6 Rg4+ 39.Kxf5 Rf3+ 40.Ke5 Rfxg3 41.Rh6 Rxh4
42.Rh7+ Ka6 43.Re2 Rh1 44.Kd6 h4 45.Ree7 Rg6+ 46.Kd7 h3 47.Ke8 Rg8+ 48.Kf7
Rgg1 49.Kf6 Rf1+ 50.Kg5 Ka5 51.Rh4 a6 52.Reh7 Rhg1+ 53.Kh5 Rg3 54.Re7 Rf2
55.Re1 Rxa2 56.Rh1 Rxb3 57.R1xh3 Rxh3 58.Rxh3 Kb4 {#R} 0-1

[Event "Extraliga 2009/10"]
[Site "Slovakia"]
[Date "2010.02.20"]
[Round "7"]
[White "Jurcik Martin (SVK)"]
[Black "Velicka Petr (CZE)"]
[Result "1/2-1/2"]
[WhiteElo "2372"]
[BlackElo "2470"]

1.e4 c6 2.d4 d5 3.Nc3 dxe4 4.Nxe4 Bf5 5.Ng3 Bg6 6.h4 h6 7.f4 e6 8.Nf3 Nd7 9.h5
Bh7 10.Bd3 Bxd3 11.Qxd3 Ngf6 12.Bd2 Qc7 13.O-O-O Bd6 14.Ne5 O-O 15.Nxd7 Nxd7
16.Qf3 c5 17.dxc5 Nxc5 18.Ne4 Nxe4 19.Qxe4 Rac8 20.g3 Rfd8 21.Bc3 Bc5 22.Rxd8+
Rxd8 23.Rd1 Rxd1+ 24.Kxd1 Qd7+ 25.Ke2 f5 26.Qf3 Kf7 27.Be5 Bf8 28.b3 g6
29.hxg6+ Kxg6 30.Qc3 Qb5+ 31.Kf2 Qd5 32.Bd4 b6 33.Qe3 Bc5 34.Bxc5 bxc5 35.Qc3
h5 36.Qh8 Qd2+ 37.Kf1 Qd1+ 38.Kg2 Qe2+ 39.Kh3 Qf1+ 40.Kh2 Qe2+ 41.Kh3 Kf7
42.Qd8 Qg4+ 43.Kg2 Qe2+ {#d} 1/2-1/2